| 000 | 00602nam a22001937a 4500 | ||
|---|---|---|---|
| 005 | 20260317164211.0 | ||
| 008 | 260317b |||||||| |||| 00| 0 eng d | ||
| 037 | _cTextbook | ||
| 040 |
_aRTL _cRTL |
||
| 041 | _aeng | ||
| 084 |
_qRTL _aX9(J):77.2.N6 K7/TD |
||
| 100 | _aRudra, Ashok | ||
| 245 | _aRelative rates of growth agriculture and industry | ||
| 260 |
_aBombay _bUniversity of Bombay _c1967 |
||
| 300 |
_aix, 91 p. _bincludes bibliographical references and index |
||
| 650 | _aEconomic growth | ||
| 942 |
_2CC _cTB _hX9(J):77.2.N6, K7/TD _n0 |
||
| 999 |
_c1715602 _d1715602 |
||